Akta Kastam 1967: Perintah Duti Kastam (Barang-Barang Di Bawah Program "Early Harvest" dan Perjanjian Rangka Kerja Kerjasama Ekonomi Komprehensif Antara ASEAN dan China) 2008 [P.U.(A) 228/2008] = (Record no. 1900)

000 -LEADER
fixed length control field nam a22 a 4500
005 - DATE AND TIME OF LATEST TRANSACTION
control field 20170515161413.0
008 - FIXED-LENGTH DATA ELEMENTS--GENERAL INFORMATION
fixed length control field 170512s2008 my ||||| |||| 00| 0 eng d
040 ## - CATALOGING SOURCE
Original cataloging agency AKMAL
082 ## - DEWEY DECIMAL CLASSIFICATION NUMBER
Classification number 343.59056 KDRM
090 ## - LOCALLY ASSIGNED LC-TYPE CALL NUMBER (OCLC); LOCAL CALL NUMBER (RLIN)
Classification number (OCLC) (R) ; Classification number, CALL (RLIN) (NR) 343.59056
Local cutter number (OCLC) ; Book number/undivided call number, CALL (RLIN) KDRM
110 2# - MAIN ENTRY--CORPORATE NAME
Corporate name or jurisdiction name as entry element Malaysia
Subordinate unit Kastam Diraja Malaysia
9 (RLIN) 2857
245 00 - TITLE STATEMENT
Title Akta Kastam 1967: Perintah Duti Kastam (Barang-Barang Di Bawah Program "Early Harvest" dan Perjanjian Rangka Kerja Kerjasama Ekonomi Komprehensif Antara ASEAN dan China) 2008 [P.U.(A) 228/2008] =
Remainder of title Customs Act 1967 : Customs Duties ( Goods Under The Early Harvest Programme And The Framework Agreement On Comprehensive Economic Co-Operation Between Asean and China) Order 2008 [P.U.(A) 228/2008]
260 ## - PUBLICATION, DISTRIBUTION, ETC.
Place of publication, distribution, etc. Kuala Lumpur;
Name of publisher, distributor, etc. Percetakan Nasional Berhad,
Date of publication, distribution, etc. 2008.
300 ## - PHYSICAL DESCRIPTION
Extent 711pages.
Dimensions 25cm
500 ## - GENERAL NOTE
General note Parallel text in Bahasa Malaysia and English
650 1# - SUBJECT ADDED ENTRY--TOPICAL TERM
Topical term or geographic name entry element Tariff
General subdivision Law and legislation
Geographic subdivision Malaysia
9 (RLIN) 20
650 2# - SUBJECT ADDED ENTRY--TOPICAL TERM
Topical term or geographic name entry element Customs administration
General subdivision Law and legislation
Geographic subdivision Malaysia
9 (RLIN) 3946
710 2# - ADDED ENTRY--CORPORATE NAME
Corporate name or jurisdiction name as entry element Malaysia
Subordinate unit Kastam Diraja Malaysia
9 (RLIN) 2857
942 ## - ADDED ENTRY ELEMENTS (KOHA)
Source of classification or shelving scheme
Koha item type Book
950 ## - LOCAL HOLDINGS (RLIN)
Permanent shelving location, LOC (RLIN) AKMAL
Holdings
Withdrawn status Lost status Source of classification or shelving scheme Damaged status Not for loan Collection code Home library Current library Shelving location Date acquired Inventory number Total Checkouts Full call number Date last seen Price effective from Koha item type
          NON-FICTION AKMAL Melaka AKMAL Melaka PINJAMAN 12.05.2017 305029   343.59056 KDRM 12.05.2017 12.05.2017 Book
Pusat Sumber Maklumat Dato' Haji Sarmin Md Hussin, Akademi Kastam Diraja Malaysia, Melaka
Tel: 06-2331106 | Faks: 06-2313787